Magyar Gazdák Szemléje A Magyar Gazdaszövetség Folyóirata

Bibliographic Details
Other Authors: Bernát, István (Editor)
Format: Journal
Language:Hungarian
PhysicalDescription:23 cm
Published: Budapest Kilián Frigyes Kir. Egyetemi Könyvárus Bizománya 1896-[1944]
Subjects:

MARC

LEADER 00000nas a2200000 a 4500
001 vtls009150526
003 SK-MaSNL
005 20260228160623.0
008 071017c18961944hu mr p 0 0hun
015 |a SNBHFB 
040 |a SNKHF  |b slo  |c SNKHF  |e rda 
041 0 |a hun 
044 |a hu  |c HU 
072 7 |a 63  |x Poľnohospodárstvo a príbuzné oblasti vedy a techniky  |2 konspekt 
080 |a 631  |2 2011 
080 |a (051)-048.55  |2 2011 
245 0 0 |a Magyar Gazdák Szemléje  |b A Magyar Gazdaszövetség Folyóirata 
264 1 |a Budapest  |b Kilián Frigyes Kir. Egyetemi Könyvárus Bizománya  |c 1896-[1944] 
300 |c 23 cm 
310 |a 1x mesačne 
336 |a text  |b txt  |2 rdacontent 
337 |a bez média  |b n  |2 rdamedia 
338 |a zväzok  |b nc  |2 rdacarrier 
362 0 |a I. Évfolyam (1896)-[49. Évfolyam (1944)]  |z ZDB/2024 
500 |a Editor: 1896- Bernát István 
588 |a Popis podľa: I. Évfolyam, Május (1896) 
650 0 7 |a poľnohospodárstvo  |2 SNKPH  |9 679 
655 7 |a špecializované časopisy  |2 SNKPH  |9 70509 
700 1 |a Bernát, István  |4 edt  |9 267012 
710 2 |a Kilián Frigyes Kir. Egyetemi Könyvárus Bizománya (Budapešť, Maďarsko)  |4 pbl  |9 267013 
752 |a Maďarsko  |d Budapešť 
852 |a snk  |b Zaiova knižnica: Zay 18216  |p ČC 2708/1896 D1 
852 |a snk  |b Zaiova knižnica: Zay 17722  |p ČC 2708/1896 D2 
852 |a snk  |b Zaiova knižnica: Zay 17724  |p ČC 2708/1900 
958 |a DF 
999 |c 3103  |d 5033 
952 |0 0  |1 1  |3 rekatalogizácia  |4 0  |7 0  |8 5  |a SNK  |b SNK  |d 2007-10-17  |i snkF 4648/79  |l 0  |o snkČC 2708/1896  |p 17A0565311  |r 2026-02-21 21:22:23  |w 2026-02-21  |y PREZ 
952 |0 0  |1 0  |4 0  |7 0  |8 5  |a SNK  |b SNK  |c SNK_HF  |d 2024-11-08  |i snk2024/17044  |l 0  |o snkČC 2708/1896 D1  |p 17A1488037  |r 2026-02-21 22:33:22  |t Zay 18216  |w 2026-02-21  |y PREZ 
952 |0 0  |1 0  |4 0  |7 0  |8 5  |a SNK  |b SNK  |c SNK_HF  |d 2025-01-09  |i snk2025/226  |l 0  |o snkČC 2708/1896 D2  |p 17A1488710  |r 2026-02-21 22:33:26  |t Zay 17722  |w 2026-02-21  |y PREZ 
952 |0 0  |1 0  |4 0  |7 0  |8 5  |a SNK  |b SNK  |c SNK_HF  |d 2025-01-09  |i snk2025/227  |l 0  |o snkČC 2708/1900  |p 17A1488709  |r 2026-02-21 22:33:26  |t Zay 17724  |w 2026-02-21  |y PREZ 
952 |0 0  |1 0  |4 0  |7 0  |8 5  |a SNK  |b SNK  |c SNK_HF  |d 2025-01-09  |i snk2025/228  |l 0  |o snkČC 2708/1901  |p 17A1488708  |r 2026-02-21 22:33:26  |w 2026-02-21  |y PREZ 
952 |0 0  |1 0  |4 0  |7 0  |8 5  |a SNK  |b SNK  |c SNK_HF  |d 2025-01-09  |i snk2025/229  |l 0  |o snkČC 2708/1902  |p 17A1488707  |r 2026-02-21 22:33:26  |w 2026-02-21  |y PREZ